000
00284nam a22001337a 4500
008
181023b xxu||||| |||| 00| 0 eng d
020
_a
9780072564020
041
_a
eng
080
_a
820
100
_a
21
101
_a
GJL
245
_a
Women's Worlds
_c
Schnell,L
942
_2
udc
_c
BK
999
_c
50746
_d
50746